<?xml version="1.0" encoding="UTF-8"?>
<record
    xmlns:xsi="http://www.w3.org/2001/XMLSchema-instance"
    xsi:schemaLocation="http://www.loc.gov/MARC21/slim http://www.loc.gov/standards/marcxml/schema/MARC21slim.xsd"
    xmlns="http://www.loc.gov/MARC21/slim">

  <leader>00964nma a22002057a 4500</leader>
  <controlfield tag="006">g           q   ||</controlfield>
  <datafield tag="999" ind1=" " ind2=" ">
    <subfield code="c">67067</subfield>
    <subfield code="d">67067</subfield>
  </datafield>
  <controlfield tag="005">20250426074002.0</controlfield>
  <controlfield tag="008">      s2555    th                  tha d</controlfield>
  <datafield tag="040" ind1=" " ind2=" ">
    <subfield code="a">NALT</subfield>
  </datafield>
  <datafield tag="041" ind1=" " ind2=" ">
    <subfield code="a">tha</subfield>
  </datafield>
  <datafield tag="090" ind1=" " ind2=" ">
    <subfield code="a">CD1982</subfield>
  </datafield>
  <datafield tag="110" ind1="2" ind2=" ">
    <subfield code="a">&#xE2A;&#xE33;&#xE19;&#xE31;&#xE01;&#xE07;&#xE32;&#xE19;&#xE1C;&#xE39;&#xE49;&#xE15;&#xE23;&#xE27;&#xE08;&#xE01;&#xE32;&#xE23;&#xE41;&#xE1C;&#xE48;&#xE19;&#xE14;&#xE34;&#xE19;.</subfield>
    <subfield code="9">544</subfield>
  </datafield>
  <datafield tag="245" ind1="1" ind2="0">
    <subfield code="a">&#xE23;&#xE32;&#xE22;&#xE07;&#xE32;&#xE19;&#xE1C;&#xE39;&#xE49;&#xE15;&#xE23;&#xE27;&#xE08;&#xE01;&#xE32;&#xE23;&#xE41;&#xE1C;&#xE48;&#xE19;&#xE14;&#xE34;&#xE19; &#xE1B;&#xE23;&#xE30;&#xE08;&#xE33;&#xE1B;&#xE35; 2554 (&#xE09;&#xE1A;&#xE31;&#xE1A;&#xE2B;&#xE19;&#xE31;&#xE07;&#xE2A;&#xE37;&#xE2D;&#xE40;&#xE2A;&#xE35;&#xE22;&#xE07;) [CD-ROM]</subfield>
  </datafield>
  <datafield tag="260" ind1=" " ind2=" ">
    <subfield code="a">&#xE01;&#xE23;&#xE38;&#xE07;&#xE40;&#xE17;&#xE1E;&#xE2F; : </subfield>
    <subfield code="b">&#xE2A;&#xE33;&#xE19;&#xE31;&#xE01;&#xE07;&#xE32;&#xE19;&#xE1C;&#xE39;&#xE49;&#xE15;&#xE23;&#xE27;&#xE08;&#xE01;&#xE32;&#xE23;&#xE41;&#xE1C;&#xE48;&#xE19;&#xE14;&#xE34;&#xE19;, </subfield>
    <subfield code="c">2555.</subfield>
  </datafield>
  <datafield tag="300" ind1=" " ind2=" ">
    <subfield code="a">1 &#xE41;&#xE1C;&#xE48;&#xE19; :</subfield>
    <subfield code="b">Sd., Col.</subfield>
  </datafield>
  <datafield tag="610" ind1="2" ind2="4">
    <subfield code="a">&#xE2A;&#xE33;&#xE19;&#xE31;&#xE01;&#xE07;&#xE32;&#xE19;&#xE1C;&#xE39;&#xE49;&#xE15;&#xE23;&#xE27;&#xE08;&#xE01;&#xE32;&#xE23;&#xE41;&#xE1C;&#xE48;&#xE19;&#xE14;&#xE34;&#xE19; </subfield>
    <subfield code="9">38943</subfield>
    <subfield code="x">&#xE23;&#xE32;&#xE22;&#xE07;&#xE32;&#xE19;&#xE1B;&#xE23;&#xE30;&#xE08;&#xE33;&#xE1B;&#xE35; </subfield>
    <subfield code="y">2554</subfield>
  </datafield>
  <datafield tag="850" ind1=" " ind2=" ">
    <subfield code="a">NALT</subfield>
  </datafield>
  <datafield tag="942" ind1=" " ind2=" ">
    <subfield code="c">CD</subfield>
    <subfield code="2">local</subfield>
  </datafield>
  <datafield tag="998" ind1=" " ind2=" ">
    <subfield code="j"></subfield>
    <subfield code="k">CRON CRON</subfield>
  </datafield>
  <datafield tag="952" ind1=" " ind2=" ">
    <subfield code="0">0</subfield>
    <subfield code="1">0</subfield>
    <subfield code="2">local</subfield>
    <subfield code="4">0</subfield>
    <subfield code="7">0</subfield>
    <subfield code="8">CAV</subfield>
    <subfield code="a">NALT</subfield>
    <subfield code="b">NALT</subfield>
    <subfield code="e">&#xE1A;&#xE23;&#xE34;&#xE08;&#xE32;&#xE04;</subfield>
    <subfield code="l">0</subfield>
    <subfield code="o">CD 1982</subfield>
    <subfield code="p">3961180710</subfield>
    <subfield code="r">2017-06-09 00:00:00</subfield>
    <subfield code="w">2017-06-09</subfield>
    <subfield code="y">CD</subfield>
  </datafield>
</record>
